000 00746nas a2200229 4500
001 BR2016003680
003 BR-BrBNA
005 20231205130549.0
007 ta
008 230509b bl.|||p| |||| 00| 00por d
040 _aBR-BrBNA
_bpor
_cBiblioteca Nacional de Agricultura
041 _a(Es)
072 _aM40
100 1 _aEscobedo-Galván, A.H.
245 1 _aEstructura poblacional y proporción de sexos en Caiman crocodilus en Caño Negro, Costa Rica
650 _aCROCODILO
650 _aCOMPORTAMENTO SEXUAL
650 _aDINÂMICA POPULACIONAL
773 0 _tIheringia. Série Zoologia (Brazil)
_xISSN 0073-4721
_g(Dec 2008), v. 98(4) p. 489-492
_wBR2016003680
909 _a202311
_bLúcia
_c55
_dLúcia Elande
942 _2AGRIS
_n0
_cANA
999 _c250124
_d250124